Équipes des Dresseurs Pokémon (Johto) - Statistiques

Statistiques générales
  • Ce quiz a été pris 309 fois
  • Le résultat moyen est 504 sur 556
Statistiques - réponses
Lieux Dresseurs Pokémon % Correct
ou Kaïminus
100%
Route 30 Gamin Farouk Rattata
100%
Rattata
100%
Route 32 Gamin Roméo Rattata
100%
Puits Ramoloss Sbire Rocket Rattata
100%
Rattata
100%
Sbire Rocket Rattata
100%
Route 34 Gamin Gontrand Rattata
100%
Rattata
100%
Sbire Rocket Rattata
100%
Rattata
100%
Rattata
100%
Rattata
100%
Sbire Rocket Rattata
100%
Rattata
100%
Sbire Rocket Rattata
100%
Sbire Rocket Rattata
100%
Sbire Rocket Rattata
100%
Rattata
100%
Rattata
100%
Rattata
100%
Rattata
100%
Rattata
100%
Ville Griotte Rival Silver Germignon
99%
ou Héricendre
99%
Caves Jumelles Montagnard Sammy Onix
99%
Onix
99%
Montagnard Noa Onix
99%
Onix
99%
Gamin Mandé Roucool
99%
Ornithologue Élie Roucool
99%
Roucool
99%
Champion Albert Roucool
99%
Ornithologue Joe Roucool
99%
Roucool
99%
Ornithologue Greg Roucool
99%
Ornithologue Tom Roucool
99%
Roucool
99%
Roucool
99%
Roucool
99%
Roucool
99%
ou Aligatueur
98%
ou Aligatueur
98%
Scout Jean-Raoul Chenipan
98%
Chenipan
98%
Route 31 Scout Francis Chenipan
98%
Chenipan
98%
Chenipan
98%
Arène d'Écorcia Scout Jean-Loïc Chenipan
98%
Tour Chétiflor Sage Horst Chétiflor
98%
Chétiflor
98%
Chétiflor
98%
Sage Quentin Chétiflor
98%
Chétiflor
98%
Chétiflor
98%
Sage Briand Chétiflor
98%
Chétiflor
98%
Chétiflor
98%
Sage Alfonse Chétiflor
98%
Sage Achille Chétiflor
98%
Sage Batiste Chétiflor
98%
Ancien Jehan Chétiflor
98%
Chétiflor
98%
Écorcia Rival Silver Fantominus
98%
Fantominus
98%
Arène de Rosalia Médium Marilou Fantominus
98%
Fantominus
98%
Fantominus
98%
Fantominus
98%
Fantominus
98%
Médium Marthe Fantominus
98%
Fantominus
98%
Champion Mortimer Fantominus
98%
Roucoups
98%
Roucoups
98%
Roucoups
98%
ou Typhlosion
98%
ou Typhlosion
98%
Aspicot
97%
Aspicot
97%
Scout Foulque Aspicot
97%
ou Feurisson
97%
ou Feurisson
97%
Nageur Otto Léviator
97%
Léviator
97%
Léviator
97%
Champion Sandra Léviator
97%
Léviator
97%
Maître Peter Léviator
97%
Pêcheur César Magicarpe
97%
Magicarpe
97%
Magicarpe
97%
Magicarpe
97%
Pêcheur Eugène Magicarpe
97%
Magicarpe
97%
Meganium
97%
Meganium
97%
Arène de Mauville Ornithologue Ben Piafabec
97%
Piafabec
97%
Piafabec
97%
Piafabec
97%
Ornithologue Tony Piafabec
97%
Piafabec
97%
Montagnard Abélard Racaillou
97%
Racaillou
97%
Racaillou
97%
Montagnard Michel Racaillou
97%
Montagnard Gérard Racaillou
97%
Route 33 Montagnard Olwen Racaillou
97%
Montagnard Lucien Racaillou
97%
Montagnard Edgar Racaillou
97%
Racaillou
97%
Racaillou
97%
Racaillou
97%
Racaillou
97%
Champion Hector Chrysacier
96%
Coconfort
96%
Coconfort
96%
Gravalanch
96%
Gravalanch
96%
Gravalanch
96%
Hoothoot
96%
Hoothoot
96%
Ornithologue Alban Hoothoot
96%
Machoc
96%
Machoc
96%
Marin Jonas Machoc
96%
Machoc
96%
Karatéka Ryu Machoc
96%
Route 45 Montagnard Juste Machoc
96%
Machoc
96%
Macronium
96%
ou Macronium
96%
Intello Gibus Magnéti
96%
Magnéti
96%
Magnéti
96%
Tour Cendrée Rival Silver Magnéti
96%
Arène d'Oliville Champion Jasmine Magnéti
96%
Magnéti
96%
Scientifique Rayan Magnéti
96%
Magnéti
96%
Magnéti
96%
Magnéti
96%
Scientifique Ross Magnéti
96%
Magnéti
96%
Magnéti
96%
Topdresseur Abib Magnéti
96%
Route 36 Kinésiste Fredy Abra
95%
Abra
95%
Aquali
95%
Kimono Michiyo Aquali
95%
Aquali
95%
Agent Nicolas Caninos
95%
Agent Baptiste Caninos
95%
Caninos
95%
Caninos
95%
Gentleman Tancred Caninos
95%
Caninos
95%
Caninos
95%
Topdresseur Audrey Caninos
95%
ou Crocrodil
95%
ou Crocrodil
95%
Dardargnan
95%
Draco
95%
Topdresseur Marin Draco
95%
Draco
95%
Draco
95%
Antre du Dragon Topdresseur Tilio Draco
95%
Champion Sandra & Maître Peter Draco
95%
Dracolosse
95%
Dracolosse
95%
Dracolosse
95%
Dracolosse
95%
Dracolosse
95%
Ectoplasma
95%
Ectoplasma
95%
Arène d'Irisia Karatéka Hiro Kicklee
95%
Mont Creuset Karatéka Fei Kicklee
95%
Kicklee
95%
Machopeur
95%
Karatéka Jacky Machopeur
95%
Mackogneur
95%
Topdresseur Félix Magnéton
95%
Magnéton
95%
Champion Blanche Mélofée
95%
Pique-Nique Flavie Mélofée
95%
Ortide
95%
Ortide
95%
Sbire Rocket Ortide
95%
Ortide
95%
Ortide
95%
Pêcheur Loïc Ptitard
95%
Ptitard
95%
Marin Logan Ptitard
95%
Pyroli
95%
Kimono Satsuki Pyroli
95%
Pyroli
95%
Rafflesia
95%
Rafflesia
95%
Crache-Feu Andréa Smogo
95%
Smogo
95%
Smogo
95%
Salle de Danse Sbire Rocket Smogo
95%
Crache-Feu Pipo Smogo
95%
Smogo
95%
Scientifique Ron Smogo
95%
Smogo
95%
Smogo
95%
Smogo
95%
Smogo
95%
Pillard Elmer Smogo
95%
Smogo
95%
Pillard Hudson Smogo
95%
Sbire Rocket Smogo
95%
Smogo
95%
Sbire Rocket Smogo
95%
Smogo
95%
Commandant Lambda Smogo
95%
Smogo
95%
Smogo
95%
Smogo
95%
Smogo
95%
Smogo
95%
Médium Rika Spectrum
95%
Spectrum
95%
Médium Serena Spectrum
95%
Spectrum
95%
Spectrum
95%
Spectrum
95%
Spectrum
95%
Spectrum
95%
Steelix
95%
Karatéka Lao Tygnon
95%
Tygnon
95%
Tygnon
95%
Écrémeuh
94%
Pokémaniac Robert Flagadoss
94%
Flagadoss
94%
Pokémaniac Raynal Ramoloss
94%
Souterrain Pokémaniac Daniel Ramoloss
94%
Ramoloss
94%
Route 39 Kinésiste Damien Ramoloss
94%
Ramoloss
94%
Intello Gauvain Ramoloss
94%
Rattatac
94%
Sbire Rocket Rattatac
94%
Rattatac
94%
CC de Doublonville Sbire Rocket Rattatac
94%
Tour Radio Sbire Rocket Rattatac
94%
Rattatac
94%
Sbire Rocket Rattatac
94%
Smogogo
94%
Sbire Rocket Smogogo
94%
Smogogo
94%
Smogogo
94%
Voltali
94%
Kimono Sakura Voltali
94%
Crache-Feu Luigi Goupix
93%
Route 35 Pique-Nique Kala Goupix
93%
Grolem
93%
Kadabra
93%
Kadabra
93%
Kadabra
93%
Sbire Rocket Nosféralto
93%
Doublon-Tunnel 2 Rival Silver Nosferalto
93%
Nosferalto
93%
Nosferalto
93%
Commandant Lance Nosferalto
93%
Nosferalto
93%
Nosferapti
93%
Sbire Rocket Nosférapti
93%
Nosférapti
93%
Nosférapti
93%
Commandant Lance Nosférapti
93%
Nosférapti
93%
Nosférapti
93%
Nosférapti
93%
Nosférapti
93%
Nosférapti
93%
Sbire Rocket Nosférapti
93%
Nosférapti
93%
Commandant Lambda Nosférapti
93%
Sbire Rocket Nosférapti
93%
Nosférapti
93%
Nosférapti
93%
Sbire Rocket Nosférapti
93%
Pêcheur Auffray Poissirène
93%
Topdresseur Amy Poissirène
93%
Poissirène
93%
Nageuse Ludmila Poissirène
93%
Poissirène
93%
Pêcheur Justin Poissirène
93%
Poissirène
93%
Topdresseur Emma Têtarte
93%
Marin Jacob Têtarte
93%
Têtarte
93%
Marin Alberto Têtarte
93%
Têtarte
93%
Hyporoi
92%
Hyporoi
92%
Conseil 4 Aldo Kapoera
92%
Kimono Umeko Mentali
92%
Kinésiste Anselme Mentali
92%
Élève Timéo Mystherbe
92%
Fillette Jezebel Mystherbe
92%
Mystherbe
92%
Mystherbe
92%
Kimono Tamao Noctali
92%
Conseil 4 Marion Noctali
92%
Nageuse Ute Otaria
92%
Surfer Esteban Otaria
92%
Otaria
92%
Otaria
92%
Champion Frédo Otaria
92%
Poissoroy
92%
Poissoroy
92%
Poissoroy
92%
Poissoroy
92%
Colossinge
91%
Champion Chuck Colossinge
91%
Arène de Doublonville Canon Victoria Fouinette
91%
Fouinette
91%
Fouinette
91%
Intello Guillaume Hypocéan
91%
Hypocéan
91%
Hypocéan
91%
Topdresseur Alix Hypocéan
91%
Hypocéan
91%
Nageuse Wendy Hypotrempe
91%
Hypotrempe
91%
Topdresseur Yves Hypotrempe
91%
Topdresseur Enola Hypotrempe
91%
Hypotrempe
91%
Insécateur
91%
Lamantine
91%
Skieuse Calypso Lamantine
91%
Lamantine
91%
Arène d'Ébènelle Topdresseur Pablo Minidraco
91%
Minidraco
91%
Topdresseur Linda Minidraco
91%
Jumelles Line & Lana Minidraco
91%
Minidraco
91%
Pique-Nique Élisabeth Nidoran
91%
Campeur Raymond Nidoran
91%
Rapasdepic
91%
Fillette Barbara Rondoudou
91%
Rondoudou
91%
Rondoudou
91%
Gamin Ian Férosinge
90%
Karatéka Ping Férosinge
90%
Férosinge
90%
Campeur Laurent Férosinge
90%
Sbire Rocket Grotadmorv
90%
Grotadmorv
90%
Grotadmorv
90%
Grotadmorv
90%
Skieuse Luna Lippoutou
90%
Lippoutou
90%
Nidorino
90%
Nidorino
90%
Tartard
90%
Démolosse
89%
Démolosse
89%
Dracaufeu
89%
Dracaufeu
89%
Crache-Feu Bimbo Magmar
89%
Magmar
89%
Magmar
89%
Magmar
89%
Mélodelfe
89%
Canon Eulalie Mélodelfe
89%
Pokémaniac Seb Nidorina
89%
Pokémaniac Wilfrid Nidorina
89%
Nidorina
89%
Nostenfer
89%
Pique-Nique Brooke Pikachu
89%
Pokéfan Djamil Pikachu
89%
Pokéfan Tatiana Pikachu
89%
Topdresseur Cathy Pikachu
89%
Intello Steven Tadmorv
89%
Tadmorv
89%
Tadmorv
89%
Tadmorv
89%
Sbire Rocket Tadmorv
89%
Sbire Rocket Tadmorv
89%
Tadmorv
89%
Tadmorv
89%
Tadmorv
89%
Chenal 40 Nageur Vladimir Tentacool
89%
Tentacool
89%
Tentacool
89%
Nageur Johan Tentacool
89%
Tentacool
89%
Tentacool
89%
Tentacool
89%
Voltorbe
89%
Jongleur Anthony Voltorbe
89%
Voltorbe
89%
Voltorbe
89%
Voltorbe
89%
Voltorbe
89%
Cornèbre
88%
Cornèbre
88%
Cornèbre
88%
Topdresseur Irène Kokiyas
88%
Nageur Boris Kokiyas
88%
Kokiyas
88%
Nageuse Anna Kokiyas
88%
Chenal 41 Nageur Helmut Kokiyas
88%
Surfer Kylian Kokiyas
88%
Route 44 Kinésiste Gabriel Natu
88%
Ligue Pokémon Conseil 4 Clément Xatu
88%
Xatu
88%
Farfuret
87%
Route Victoire Rival Silver Farfuret
87%
Commandant Amos Malosse
87%
Pokémaniac Augustin Nidoking
87%
Pokémaniac Thomas Nidoking
87%
Nidoqueen
87%
Ptéra
87%
Tentacruel
87%
Abo
86%
Sbire Rocket Abo
86%
Sbire Rocket Abo
86%
Abo
86%
Aéromite
86%
Cochignon
86%
Crustabri
86%
Jeune Couple Ludo & Dalia Crustabri
86%
Crustabri
86%
Topdresseur Gerry Évoli
86%
Canon Rafika Grodoudou
86%
Grodoudou
86%
Arène d'Acajou Surfer Elliot Marcacrin
86%
Marcacrin
86%
Mimigal
86%
Phare d'Oliville Gentleman Louis Noarfang
86%
Pique-Nique Erin Ponyta
86%
Topdresseur Jean Roucarnage
86%
Topdresseur Maria Stari
86%
Stari
86%
Nageuse Simone Stari
86%
Stari
86%
Nageuse Birgit Stari
86%
Stari
86%
Staross
86%
Staross
86%
Kinésiste Thibaut Staross
86%
Scout Henri Mimitoss
85%
Sbire Rocket Mimitoss
85%
Mimitoss
85%
Couple Cool Serge & Dom Élektek
84%
Élektek
84%
Topdresseur Carina Galopa
84%
Pokéfan Marcel Raichu
84%
Wattouat
84%
Wattouat
84%
Topdresseur Alizée Wattouat
84%
Topdresseur Hatem Wattouat
84%
Commandant Ariane Arbok
83%
Sbire Rocket Arbok
83%
Commandant Ariane Arbok
83%
Fillette Rekka Lainergie
83%
Lainergie
83%
Migalos
83%
Noadkoko
83%
Kinésiste Ulrik Soporifik
83%
Repaire Rocket Sbire Rocket Soporifik
83%
Sbire Rocket Soporifik
83%
Noeunoeuf
82%
Noeunoeuf
82%
Pokémaniac Franck Rhinocorne
82%
Jumelles Lia & Liz Coxy
81%
Topdresseur Sean Empiflor
81%
Canon Carla Miaouss
81%
Miaouss
81%
Crache-Feu Bilou Reptincel
81%
Reptincel
81%
Topdresseur Gurvan Bulbizarre
80%
Bulbizarre
80%
Route 27 Topdresseur Leia Bulbizarre
80%
Ornithologue Brett Canarticho
79%
Carapuce
79%
Ornithologue Toby Doduo
79%
Doduo
79%
Doduo
79%
Florizarre
79%
Ruines d'Alpha Kinésiste Jason Girafarig
79%
Girafarig
79%
Herbizarre
79%
Salamèche
79%
Gamin Momo Axoloto
78%
Route 38 Marin Isaac Axoloto
78%
Oliville Canon Oriane Joliflor
78%
Joliflor
78%
Carabaffe
77%
Carabaffe
77%
Carabaffe
77%
Pique-Nique Albertine Granivol
77%
Granivol
77%
Canon Cléo Granivol
77%
Scout Arnaud Paras
77%
Sabelette
77%
Campeur Amilcar Sabelette
77%
Route 43 Campeur Rémi Sabelette
77%
Tortank
77%
Conseil 4 Koga Foretress
76%
Nageur Sigmund Qwilfish
76%
Route 42 Pêcheur Conan Qwilfish
76%
Route 26 Pêcheur Mateo Qwilfish
76%
Qwilfish
76%
Taupiqueur
76%
Campeur Yvan Taupiqueur
76%
Taupiqueur
76%
Montagnard Moïse Taupiqueur
76%
Taupiqueur
76%
Montagnard Firmin Taupiqueur
76%
Triopikeur
75%
Triopikeur
75%
Floravol
74%
Campeur Titouan Floravol
74%
Krabby
74%
Marin Noé Krabby
74%
Krabby
74%
Nageur Matthew Krabby
74%
Maraiste
74%
Scientifique Yoni Porygon
74%
Campeur Matthias Psykokwak
74%
Psykokwak
74%
Nageuse Susie Psykokwak
74%
Sablaireau
74%
Topdresseur Jack Parasect
73%
Rémoraid
73%
Pêcheur Marius Rémoraid
73%
Rémoraid
73%
Route 47 Montagnard Gabin Insolourdo
72%
Insolourdo
72%
Insolourdo
72%
Marill
72%
Route 37 Jumelles Lison & Lisa Marill
72%
Fillette Aurore Marill
72%
Marill
72%
Topdresseur Karin Marill
72%
Élève Mathys M.Mime
72%
Akwakwak
71%
Krabboss
71%
Osselait
71%
Pokéfan Brandon Snubbull
70%
Fillette Jennifer Snubbull
70%
Parc Naturel Pokéfan Jade Snubbull
70%
Pokémaniac Pierre Ossatueur
69%
Ossatueur
69%
Pokémaniac Matias Excelangue
66%
Élève Aimé Saquedeneu
66%
Scientifique Alex Métamorph
65%
Pokémaniac Denis Kangourex
57%
Aucun quiz correspondant
Distribution des résultats
% des personnes avec chaque résultat
Percentile par nombre de réponses
Votre historique - résultats
Vous n’avez pas pris ce quiz